Objektové modelování

Enregistré dans:
Détails bibliographiques
Auteur principal: Merunka, Vojtěch (Auteur)
Format: Livre
Langue:tchèque
Publié: Praha : Alfa Publishing, 2008
Sujets:
Tags: Ajouter un tag
Pas de tags, Soyez le premier à ajouter un tag!

MARC

LEADER 00000nam a22000003a 4500
001 stu168854
005 20220511103101.8
008 080905s2008----xr------------------cze-d
020 |a 978-80-87197-04-2 
040 |a STU  |b slo 
041 0 |a cze 
044 |a xr 
080 |a 681.3 
080 |a 004.652 
080 |a 004.422.63 
080 |a 004.045 
100 1 |a Merunka, Vojtěch  |4 aut 
245 1 |a Objektové modelování 
260 |a Praha :  |b Alfa Publishing,  |c 2008 
300 |a 184 s. 
650 7 |a softvérové inžinierstvo  |2 stusub 
650 7 |a datové modely  |2 stusub 
650 7 |a datové štruktúry  |2 stusub 
650 7 |a objektovo orientované metódy  |2 stusub 
996 |b 284EK87466  |c E*87466  |l EE01  |s A  |a 24  |w stu168854_0001